Movies Quiz

Random Movies or Role Quiz

'Friends' in Movies Quiz Stats

 Plays Quiz Updated Aug 27, 2018

Score 0/49 Timer 07:00
2 Plays Today
Starring Actor Movie % Correct
Zac Efron17 Again
63.8%
Vince VaughnThe Break-up
60.1%
Skeet UlrichScream
53%
Jim CarreyAce Ventura: Pet Detective
51.3%
Jim CarreyBruce Almighty
49.7%
Bruce WillisThe Whole Nine Yards
49%
Ben StillerAlong Came Polly
48.8%
Lucy LiuCharlie's Angels
48.3%
Neve CampbellScream 2
45.3%
Owen WilsonMarley & Me
43.8%
Chris RockMadagascar
38.1%
Amanda PeetThe Whole Ten Yards
37.8%
Liev SchreiberScream 3
36.3%
Adam SandlerJust Go With It
33.1%
Drew BarrymoreHe's Just Not That Into You
30.7%
Jason SudeikisWe're the Millers
29.7%
Jada Pinkett SmithMadagascar: Escape 2 Africa
29.4%
Emma StoneEasy A
29.3%
Gerard ButlerThe Bounty Hunter
28%
Ron LivingstonOffice Space
27.3%
Robert De NiroAnalyze This
26.8%
Lucy HaleScream 4
26.7%
Billy CrystalAnalyze That
26.1%
Salma HayekFools Rush In
25.5%
Mira SorvinoRomy and Michele's High School Reunion
24.7%
Starring Actor Movie % Correct
Jake GyllenhaalThe Good Girl
24.6%
Jay MohrPicture Perfect
22.8%
Demi MooreCharlie's Angels: Full Throttle
21.9%
Gerard ButlerP.S. I Love You
19.2%
Adam SandlerBedtime Stories
17.1%
Warwick DavisLeprechaun
16.2%
Clive OwenDerailed
16%
Mark WahlbergRock Star
16%
Anne HecheSix Days and Seven Nights
15.1%
Paul RuddWanderlust
14.9%
Adam SandlerThe Longest Yard
12.8%
William HurtLost in Space
12.7%
Gwyneth PaltrowThe Pallbearer
12.4%
Seth RogenNeighbors
10.4%
James CaviezelEd
10.3%
Neve CampbellThree to Tango
9.9%
Paul RuddThe Object of My Affection
9.7%
Ed BurnsShe's the One
8.4%
Chris FarleyAlmost Heroes
7.1%
John TravoltaLucky Numbers
5.7%
Harry Connick, Jr. The Iron Giant
4.9%
Christina RicciThe Opposite of Sex
4.7%
Michael ShannonThe Iceman
2.8%
Kevin JamesBarnyard
2.3%

You're not logged in!

Compare scores with friends on all Sporcle quizzes.
OR
Log In

Sporcle TV

Today on Sporcle TV


Watch our educational content, quiz creation guides, and fun videos on Sporcle TV.

Show Comments

Extras

Top Quizzes Today


Score Distribution

Your Account Isn't Verified!

In order to create a playlist on Sporcle, you need to verify the email address you used during registration. Go to your Sporcle Settings to finish the process.

Report this User

Report this user for behavior that violates our Community Guidelines.

Details: